| 000 | 00654nam a22002052 4500 | ||
|---|---|---|---|
| 001 | 0000000588 | ||
| 005 | 20151217151751.0 | ||
| 008 | 070213s xx 000 0 eng d | ||
| 020 | _a0830818588 : | ||
| 040 |
_aKABU _cKABU |
||
| 050 | 0 |
_aBR115 _b.H63S36 |
|
| 100 | 1 |
_aSchmidt, Thomas E. _@0000148822 |
|
| 245 | 1 | 0 |
_aStraight and narrow? : _bcompassion and clarity in the homosexuality debate. |
| 260 |
_aDowners Grove, Ill. : _bInter-Varsity Press, _c1995. |
||
| 300 | _a239 p. | ||
| 650 | 0 |
_aHuman sexuality _xReligious aspects _xChristianity. _@0000148823 |
|
| 908 | _a070213 | ||
| 950 | _@1 | ||
| 999 |
_c4810 _d4810 |
||